Homophones #2 - Statistics

General Stats
  • This quiz has been taken 341 times
  • The average score is 13 of 15
Answer Stats
Word Ho. Hint Homophone % Correct
Add The "shortening" for advertisement. Ad
100%
Ate One, two, three... Eight
98%
Male Letters and packages picked up and delivered by the postal system. Mail
93%
Serial A breakfast food made from roasted grain. Cereal
92%
Dew Expected at or planned for at a certain time. Due
92%
Know 😬 No
92%
Pear A couple, for example. Pair
92%
Sale A piece of material extended on a mast to catch the wind and propel a boat, ship, or other kind of vessel. Sail
92%
Two In addition; also. Too
92%
Weight Stay in one place or to anticipate. Wait
92%
Fairy A boat that moves passengers and vehicles across water. Ferry
91%
Sight The "shortening" for website. Site
91%
Or A paddle. Oar
88%
Duel Consisting of two parts, elements, or aspects. Dual
87%
Carrot A mark placed below the line to indicate a proposed insertion in a printed or written text (^, ⁁). Caret
46%
No matching quizzes found
Score Distribution
Percent of People with Each Score
Percentile by Number Answered
Your Score History
You have not taken this quiz